E-HR Lab: Integrácia digitálnych technológií a udržateľnosti do vzdelávania v personálnom manažmente

Saved in:
Bibliographic Details
Main Author: Stachová, Katarína
Other Authors: Grisáková, Nora, 1978-
Format: Book Chapter
Language:Slovak
English
Subjects:
Tags: Add Tag
No Tags, Be the first to tag this record!

MARC

LEADER 00000naa a2200000 4500
001 0313721
005 20251218130432.6
041 0 |a slo 
041 0 |a eng 
044 |a SK 
245 1 0 |a E-HR Lab: Integrácia digitálnych technológií a udržateľnosti do vzdelávania v personálnom manažmente  |c Katarína Stachová, Nora Grisáková 
500 |a Abstrakt 
610 2 0 |a vzdelávanie elektronické 
610 2 0 |a manažment personálny 
610 2 0 |a digitalizácia 
610 2 0 |a technológie nové 
100 1 |a Stachová, Katarína 
700 1 |a Grisáková, Nora, 1978-